Комплексная реабилитация инвалидов: учебное пособие

Dades bibliogràfiques
Altres autors: Зозуля Т. В. Татьяна Викторовна (редактор), Свистунова Е. Г. Елена Генриховна, Чешихина В. В. Валентина Викторовна, Кавокин С. Н. Сергей Николаевич, Соколова В. С. Вера Сергеевна
Sumari:В учебном пособии рассматриваются теоретические и практические вопросы комплексной социальной реабилитации инвалидов, социальные и психологические проблемы людей с нарушением слуха, зрения, интеллекта, расстройствами опорно-двигательного аппарата и других органов и систем, организация медико-социальной реабилитации как приоритетного направления государственной политики в отношении инвалидов; приводятся технологии социальной реабилитации разных категорий инвалидов. Для студентов и аспирантов социальных вузов, специализирующихся в области социальной реабилитации инвалидов, а также для психологов, медицинских работников и других специалистов реабилитационных учреждений системы социальной защиты населения.
Idioma:rus
Publicat: Москва, Академия, 2005
Col·lecció:Высшее профессиональное образование. Социальная работа
Matèries:
Format: MixedMaterials Llibre
KOHA link:https://koha.lib.tpu.ru/cgi-bin/koha/opac-detail.pl?biblionumber=70606

MARC

LEADER 00000nam0a2200000 4500
001 70606
005 20231101212528.0
010 |a 576952085X 
035 |a (RuTPU)RU\TPU\book\75170 
090 |a 70606 
100 |a 20041125d2005 m y0rusy50 ca 
101 0 |a rus 
102 |a RU 
105 |a y j 001zy 
200 1 |a Комплексная реабилитация инвалидов  |e учебное пособие  |f Т. В. Зозуля [и др.]  |g под ред. Т. В. Зозули 
210 |a Москва  |c Академия  |d 2005 
215 |a 304 с. 
225 1 |a Высшее профессиональное образование. Социальная работа 
320 |a Библиография в конце глав. 
330 |a В учебном пособии рассматриваются теоретические и практические вопросы комплексной социальной реабилитации инвалидов, социальные и психологические проблемы людей с нарушением слуха, зрения, интеллекта, расстройствами опорно-двигательного аппарата и других органов и систем, организация медико-социальной реабилитации как приоритетного направления государственной политики в отношении инвалидов; приводятся технологии социальной реабилитации разных категорий инвалидов. Для студентов и аспирантов социальных вузов, специализирующихся в области социальной реабилитации инвалидов, а также для психологов, медицинских работников и других специалистов реабилитационных учреждений системы социальной защиты населения. 
606 1 |a Инвалиды  |x Реабилитация  |2 stltpush  |3 (RuTPU)RU\TPU\subj\36159  |9 57633 
610 1 |a экономика 
610 1 |a социальная работа 
610 1 |a социальная реабилитация 
610 1 |a инвалиды 
610 1 |a медицинская помощь 
610 1 |a социальная реабилитация 
610 1 |a психосоциальная реабилитация 
610 1 |a слепые 
610 1 |a психические расстройства 
610 1 |a инвалиды по слуху 
610 1 |a опорно-двигательный аппарат 
610 1 |a учебные пособия 
686 |a У9(2)272я73  |v LBC/SL-A  |2 rubbk 
701 1 |a Зозуля  |b Т. В.  |g Татьяна Викторовна 
701 1 |a Свистунова  |b Е. Г.  |g Елена Генриховна 
701 1 |a Чешихина  |b В. В.  |g Валентина Викторовна 
701 1 |a Кавокин  |b С. Н.  |g Сергей Николаевич 
701 1 |a Соколова  |b В. С.  |g Вера Сергеевна 
702 1 |a Зозуля  |b Т. В.  |g Татьяна Викторовна  |4 340 
801 1 |a RU  |b 63413507  |c 20041125  |g PSBO 
801 2 |a RU  |b 63413507  |c 20210525  |g PSBO 
900 |a Социальная работа 
900 |a Опыт социальной работы с различными группами населения 
900 |a Социальная реабилитация 
900 |a Проблемы социальной работы с инвалидами 
942 |c BK 
951 |b 040101 
959 |a 18/20060226  |d 1  |e 148,94  |f ОГЛ:1